| 000 | 00701nam a2200217 4500 | ||
|---|---|---|---|
| 999 |
_c1110 _d1110 |
||
| 001 | 14312 | ||
| 003 | BD-DhUAP | ||
| 005 | 20210119134715.0 | ||
| 008 | 200203r19851912ii ||||| |||| 001 0 eng d | ||
| 040 |
_aBD-DhUAP _bEng _cBD-DhUAP _dBD-DhUAP |
||
| 082 |
_223 _a340.59 ALI |
||
| 100 | _aAli, Syed Ameer. | ||
| 245 |
_aMahommedan law : _bcompiled from authorities in the original Arabic / _cSyed Ameer Ali. |
||
| 250 | _a4th ed. | ||
| 260 |
_aCalcutta : _bPremier Book House, _cc1912 [Reprinted 1985]. |
||
| 300 |
_avolumes ; _c24 cm. |
||
| 500 | _aIncludes index. | ||
| 505 | _aV. 1-The law relating to gifts, wakfs, wills, pre-emption, and bailment. | ||
| 650 | _aIslamic law. | ||
| 942 |
_2ddc _cBK |
||